ФИО деятелей РК #4: Актеры, основатели/директоры театров, режиссеры - Statistics

General Stats
  • This quiz has been taken 7 times
  • The average score is 23 of 50
Answer Stats
Фамилия Имя, отчество % Correct
Ефремов (младший) Михаил Олегович
83%
Рязанов Эльдар Александрович
83%
Табаков Олег Павлович
83%
Гурченко Людмила Марковна
83%
Сац Наталья Ильинична
67%
Станиславский Константин Сергеевич
67%
Немирович-Данченко Владимир Иванович
67%
Гайдай Леонид Иович
67%
Тарковский Андрей Арсеньевич
67%
Бондарчук (старший) Сергей Федорович
67%
Френдлих Алиса Бруновна
67%
Мордюкова Нонна Викторовна
67%
Папанов Анатолий Дмитриевич
67%
Янковский Олег Иванович
67%
Чурикова Инна Михайловна
67%
Никулин Юрий Владимирович
67%
Вахтангов Евгений Богратионович
50%
Мейерхольд Всеволод Эмильевич
50%
Ефремов (старший) Олег Михайлович
50%
Тихонов Вячеслав Васильевич
50%
Смоктуновский Иннокентий Михайлович
50%
Захаров Марк Анатольевич
50%
Юрский Сергей Юрьевич
50%
Караченцов Николай Петрович
50%
Броневой Леонид Сергеевич
50%
Леонов Евгений Павлович
50%
Вицин Георгий Михайлович
50%
Образцов Сергей Владимирович
33%
Данелия Георгий Николаевич
33%
Шукшин Василий Макарович
33%
Черкасов Николай Константинович
33%
Орлова Любовь Петровна
33%
Александров Григорий Васильевич
33%
Баталов Алексей Владимирович
33%
Горин Григорий Израилевич
33%
Басилашвили Олег Валерианович
33%
Куравлев Леонид Вячеславович
33%
Миронов Андрей Александрович
33%
Ширвиндт Александр Анатольевич
33%
Абдулов Александр Гавриилович
33%
Лановой Василий Семенович
33%
Самойлова Татьяна Евгеньевна
33%
Таиров Александр Яковлевич
17%
Эйзентштейн Сергей Михайлович
17%
Мягков Андрей Васильевич
17%
Моргунов Евгений Александрович
17%
Яковлев Юрий Васильевич
17%
Роу Александр Артурович
17%
Бурков Георгий Иванович
17%
Брондуков Борислав Николаевич
17%
No matching quizzes found
Score Distribution
Percent of People with Each Score
Percentile by Number Answered
Your Score History
You have not taken this quiz